New stage for a city : (Record no. 352576)

000 -LEADER
fixed length control field 01114 a2200289 4500
003 - CONTROL NUMBER IDENTIFIER
control field OSt
005 - DATE AND TIME OF LATEST TRANSACTION
control field 20180116192339.0
008 - FIXED-LENGTH DATA ELEMENTS--GENERAL INFORMATION
fixed length control field 120525t xxu||||| |||| 00| 0 eng d
010 ## - LIBRARY OF CONGRESS CONTROL NUMBER
LC control number 00690610
020 ## - INTERNATIONAL STANDARD BOOK NUMBER
International Standard Book Number 1875498915
035 ## - SYSTEM CONTROL NUMBER
System control number (OCoLC)ocm39291167
040 ## - CATALOGING SOURCE
Transcribing agency 0
082 ## - DEWEY DECIMAL CLASSIFICATION NUMBER
Classification number 725.8309
100 1# - MAIN ENTRY--PERSONAL NAME
Personal name Webb, Michael,
9 (RLIN) 2227
245 10 - TITLE STATEMENT
Title New stage for a city :
Remainder of title designing the New Jersey Performing Arts Center /
Statement of responsibility, etc. text, Michael Webb ; foreword, Judith Jamison.
246 30 - VARYING FORM OF TITLE
Title proper/short title Designing the New Jersey Performing Arts Center
260 ## - PUBLICATION, DISTRIBUTION, ETC.
Place of publication, distribution, etc. Mulgrave, Vic. :
Name of publisher, distributor, etc. Images Pub.,
Date of publication, distribution, etc. 1998.
300 ## - PHYSICAL DESCRIPTION
Extent 128 p. :
Other physical details ill. (some col.) ;
Dimensions 31 cm.
440 #0 - SERIES STATEMENT/ADDED ENTRY--TITLE
Title [Building monograph series]
9 (RLIN) 2228
500 ## - GENERAL NOTE
General note Series statement on jacket.
610 20 - SUBJECT ADDED ENTRY--CORPORATE NAME
Corporate name or jurisdiction name as entry element New Jersey Performing Arts Center (Newark, N.J.)
9 (RLIN) 2229
650 #0 - SUBJECT ADDED ENTRY--TOPICAL TERM
Topical term or geographic name entry element Centers for the performing arts
Geographic subdivision New Jersey
-- Newark.
9 (RLIN) 2230
650 #0 - SUBJECT ADDED ENTRY--TOPICAL TERM
Topical term or geographic name entry element Theater architecture
Geographic subdivision New Jersey
-- Newark.
9 (RLIN) 2231
651 #0 - SUBJECT ADDED ENTRY--GEOGRAPHIC NAME
Geographic name Newark (N.J.)
General subdivision Buildings, structures, etc.
9 (RLIN) 2232
942 ## - ADDED ENTRY ELEMENTS (KOHA)
Institution code [OBSOLETE] SADA
Koha item type Book
Call number prefix 725.8309 WEB 1998
Source of classification or shelving scheme
Holdings
Withdrawn status Lost status Source of classification or shelving scheme Damaged status Not for loan Permanent Location Current Location Date acquired Total Checkouts Full call number Barcode Date last seen Date last checked out Cost, replacement price Price effective from Koha item type
          School of Art Design and Architecture (SADA) School of Art Design and Architecture (SADA) 02/17/2011 2 725.8309 WEB 1998 SADA0000656 03/05/2015 02/24/2015 2905.00 08/05/2011 Book
© 2023 Central Library, National University of Sciences and Technology. All Rights Reserved.